| 000 | 00717nam a2200265Ia 4500 | ||
|---|---|---|---|
| 003 | OSt | ||
| 005 | 20221006142851.0 | ||
| 006 | a|||||r|||| 00| 0 | ||
| 007 | ta | ||
| 008 | 221006b |||||||| |||| 00| 0 eng d | ||
| 020 | _c125.61 | ||
| 024 | _a7,399 | ||
| 037 | _cTextual | ||
| 040 |
_aEASL _cEASL _beng |
||
| 041 |
_2eng _aeng |
||
| 082 | _aV42:1973.N7, L6 | ||
| 100 | _aKAPLAN Morton A | ||
| 245 | 0 | _aJapan, America and the future world order | |
| 260 |
_aNew York _bFree Press _c1976 |
||
| 300 |
_a370p. _ccm. |
||
| 490 | _v JEL | ||
| 700 |
_a MUSHAKOJI Kinhide _9108261 |
||
| 942 |
_hV42:1973.N7, L6 _cTEXL _2CC |
||
| 999 |
_c1075485 _d1075485 |
||